000 00478nam a22001817a 4500
003 CEME
005 20210628202803.0
008 210118b xxu||||| |||| 00| 0 eng d
020 _a81-203-2857-4
040 _c.
082 _a620.106 BAL
100 _aBalachandran, P
_961616
245 _aFundamentals of compressible fluid dynamics
260 _aNEW DELHI
_bPRENTICE HALL
_c2006
300 _aXV,580 P
650 _aCOMPRESSIBLE FLUID DYNAMICS
_961617
942 _cBK
_2ddc
999 _c571012
_d571012